Statistics for Famous People from Nebraska

Click here to take the quiz!

General Stats

  • This quiz has been taken 291 times
    (129 since last reset)
  • The average score is 4 of 6

Answer Stats

ClueHometownNebraskan% Correct
As of 2019, his net worth was $86 billionOmahaWarren Buffett
86%
U.S. President born in Nebraska who grew up in MichiganOmahaGerald Ford
81%
Jay Leno's predecessorNorfolkJohnny Carson
62%
Partner of Ginger RogersOmahaFred Astaire
57%
"12 Angry Men" and "On Golden Pond" actorGrand IslandHenry Fonda
53%
St. Louis Cardinals pitcher named AL MVP in 1968OmahaBob Gibson
36%

Score Distribution

Percentile by Number Answered

Percent of People with Each Score

Your Score History

You have not taken this quiz since the last reset